Fictional Fast Food Quiz Stats

 Plays Quiz Updated Jan 20, 2015

Also try: Homerisms
Challenge
Share
Tweet
Embed
Score 0/10 Timer 05:00
2 Plays Today
Fast Food Answer % Correct
The Krusty KrabSpongeBob SquarePants
95.7%
Krusty BurgerThe Simpsons
81.5%
Cartman BurgerSouth Park
74.5%
Good BurgerAll That
49.8%
Los Pollos HermanosBreaking Bad
45.7%
The Peach PitBeverly Hills 90210
26.6%
Big Kahuna BurgerTarantinoverse
26.1%
The MaxSaved by the Bell
25.5%
Chotchkie’sOffice Space
19.4%
Mooby'sView Askewniverse
16.3%

You're not logged in!

Compare scores with friends on all Sporcle quizzes.
OR
Log In

You Might Also Like...

Show Comments

Extras

Top Quizzes Today


Score Distribution

Your Account Isn't Verified!

In order to create a playlist on Sporcle, you need to verify the email address you used during registration. Go to your Sporcle Settings to finish the process.

Report this User

Report this user for behavior that violates our Community Guidelines.

Details: